Top 100 Most Streamed Metallica Songs - Statistics

General Stats
  • This quiz has been taken 138 times
    70 since last reset
  • The average score is 64 of 100
Answer Stats
Year Streamed Song % Correct
1991 1,905,519,024 Enter Sandman
100%
1986 1,128,990,221 Master Of Puppets
96%
1988 764,910,598 One
96%
1991 1,517,233,880 Nothing Else Matters
93%
1986 206,454,229 Battery
89%
1984 408,718,724 Fade To Black
89%
1997 368,864,883 Fuel
89%
1984 167,924,696 Ride The Lightning
89%
1991 673,860,079 The Unforgiven
89%
1988 102,402,060 ...And Justice For All
86%
1984 674,106,784 For Whom The Bell Tolls
86%
1991 477,674,873 Sad But True
86%
1983 331,718,425 Seek And Destroy
86%
1986 154,914,148 Welcome Home (Sanitarium)
86%
1988 144,481,546 Blackened
82%
1984 159,709,706 Creeping Death
82%
1986 50,338,874 Damage Inc.
82%
1984 99,619,793 Fight Fire With Fire
82%
1986 107,904,636 Orion
82%
2003 112,789,639 St. Anger
82%
1984 60,697,735 The Call Of Ktulu
82%
1991 293,591,849 Wherever I May Roam
82%
1983 62,502,477 Hit The Lights
79%
1996 128,968,923 Until It Sleeps
79%
1998 567,232,891 Whiskey In The Jar
79%
1983 102,657,860 Whiplash
75%
2016 188,444,662 Hardwired
75%
1991 77,368,029 Of Wolf And Man
75%
1983 130,387,292 The Four Horsemen
75%
1997 130,275,856 The Memory Remains
75%
1997 204,756,626 The Unforgiven 2
75%
1984 54,828,929 Trapped Under Ice
75%
1986 74,566,760 Disposable Heroes
71%
1988 107,847,448 Harvester Of Sorrow
71%
2008 180,864,369 The Day That Never Comes
71%
2008 94,597,654 The Unforgiven 3
71%
1988 49,758,974 Dyers Eve
68%
1984 41,883,992 Escape
68%
1988 64,439,417 Eye Of The Beholder
68%
2003 33,990,393 Frantic
68%
1991 78,815,254 Holier Than Thou
68%
1986 53,343,319 Leper Messiah
68%
2023 101,532,608 Lux Aeterna
68%
1983 63,173,947 Motorbreath
68%
1986 72,895,683 The Thing That Should Not Be
68%
1998 201,726,194 Turn The Page
68%
2023 44,575,070 72 Seasons
64%
2016 82,256,200 Atlas, Rise!
64%
2008 29,626,197 Cyanide
64%
1991 112,926,499 Don't Tread On Me
64%
1996 100,840,073 King Nothing
64%
1996 65,265,401 Mama Said
64%
1983 31,467,404 Metal Militia
64%
2016 132,041,236 Moth Into Flame
64%
1991 60,899,945 My Friend Of Misery
64%
1983 25,490,112 Phantom Lord
64%
1988 62,686,960 The Shortest Straw
64%
1988 44,422,248 To Live Is To Die
64%
1996 28,174,868 Ain't My Bitch
61%
1983 27,668,286 (Anesthesia) Pulling Teeth
61%
1991 69,876,112 Through The Never
61%
1996 63,001,067 Hero Of The Day
57%
2000 77,711,287 I Disappear
57%
1983 44,261,264 Jump In The Fire
57%
1988 43,174,094 The Frayed Ends Of Sanity
57%
1991 59,252,559 The God That Failed
57%
1991 36,080,209 The Struggle Within
57%
1983 35,039,067 No Remorse
54%
2016 72,658,205 Now That We're Dead
54%
2016 64,589,216 Spit Out The Bone
54%
2008 91,049,691 All Nightmare Long
50%
1998 28,793,691 Am I Evil? (Remastered)
50%
1996 37,731,749 Bleeding Me
50%
1998 75,100,062 Die, Die My Darling
50%
2016 30,944,702 Dream No More
50%
2023 37,274,931 If Darkness Had a Son
50%
2023 49,262,204 Screaming Suicide
50%
1998 24,110,234 So What
50%
1998 26,224,333 Stone Cold Crazy
50%
2016 24,595,532 Confusion
46%
1997 34,121,756 Devil's Dance
46%
2023 27,047,656 Shadows Follow
46%
2008 22,921,834 That Was Just Your Life
46%
2016 18,758,376 Am I Savage?
43%
1998 30,097,387 Blitzkrieg
43%
2016 37,218,313 Halo On Fire
43%
2016 22,276,527 Here Comes Revenge
43%
2003 23,065,970 Some Kind Of Monster
43%
2016 19,103,250 ManUNkind
39%
2008 24,091,079 My Apocalypse
39%
2023 17,568,530 Sleepwalk My Life Away
39%
2023 27,595,853 Too Far Gone?
39%
2008 28,859,374 Broken, Beat, And Scarred
36%
2016 21,180,152 Murder One
36%
2008 24,988,997 The End Of The Line
36%
1998 31,905,713 Tuesdays Gone
36%
1998 23,984,395 Breadfan
32%
1998 17,509,833 Sabbra Cadabra
32%
1987 17,375,541 The Wait
29%
1999 57,288,349 No Leaf Clover - Live with the SFSO
18%
No matching quizzes found
Score Distribution
Percent of People with Each Score
Percentile by Number Answered
Your Score History
You have not taken this quiz since the last reset